Designing world-class e-learning how IBM, GE, Harvard Business School, and Columbia University are succeeding at e-learning
Salvato in:
| Autore principale: | |
|---|---|
| Natura: | Libro |
| Lingua: | inglese |
| Pubblicazione: |
New York
McGraw-Hill
2002
|
| Soggetti: | |
| Tags: |
Nessun Tag, puoi essere il primo ad aggiungerne!!
|
MARC
| LEADER | 00000nam$a2200000$$$4500 | ||
|---|---|---|---|
| 001 | 0105300 | ||
| 005 | 20240311125513.6 | ||
| 020 | |a 0-07-137772-7 | ||
| 041 | 0 | |a eng | |
| 044 | |a US | ||
| 245 | 1 | 0 | |a Designing world-class e-learning |b how IBM, GE, Harvard Business School, and Columbia University are succeeding at e-learning |c Roger C. Schank |
| 264 | 1 | |a New York |b McGraw-Hill |c 2002 | |
| 300 | |a xviii, 269 s. | ||
| 610 | 2 | 0 | |a vzdelávanie elektronické |
| 610 | 2 | 0 | |a vzdelávanie |
| 610 | 2 | 0 | |a metódy |
| 610 | 2 | 0 | |a meranie |
| 610 | 2 | 0 | |a vzdelanie |
| 610 | 2 | 0 | |a internet |
| 610 | 2 | 0 | |a školenie odborné |
| 610 | 2 | 0 | |a štúdie prípadové |
| 100 | 1 | |a Schank, Roger C. | |